000 00734nam a2200217Ia 4500
008 191130s2009##################000#0#eng##
020 _a9780819477040
022 _a2010287963
040 _aACL
_cACL
082 _a530.429 KHO
245 _aLiquid crystals XIII : 2-5 August 2009, San Diego, California, United States
_cIam Choon Khoo, editor ; sponsored and published by SPIE
260 _aBellingham, WA
_bSPIE
_cc2009
300 _a1 v. (various pagings) : ill. ; 28 cm
500 _aIncludes bibliographical references and index
650 _aLiquid crystals - Congresses
700 _aKhoo, Iam-Choon
710 _aSPIE (Society)
990 _af87c9552ac10000c1bf26a3c595ff072
991 _a383300
999 _c233659
_d233659